| 000 | 00000nas 2200000za 4500 |
| 001 | 9.840642 |
| 003 | CaOODSP |
| 005 | 20250403105948 |
| 007 | cr ||||||||||| |
| 008 | 170728d20012005oncar p o f0###b0fre|d |
| 040 | |aCaOODSP|bfre |
| 043 | |an-cn--- |
| 086 | 1 |aCS10-0011F-PDF |
| 245 | 00|aProcès-verbal |h[ressource électronique] / |cConseil consultatif fédéral-provincial de la politique statistique. |
| 260 | |a[Ottawa : |bStatistique Canada, |c2001-2005?] |
| 310 | |aAnnuel |
| 362 | 0 |a2001-2005. |
| 500 | |aÉdition numérisée de l’imprimé [par Statistique Canada]. |
| 500 | |aPubl. aussi en anglais sous le titre : Minutes. |
| 515 | |aLa livr. de 2004 ne paraît pas? |
| 692 | 07|2gccst|aCongrès |
| 692 | 07|2gccst|aStatistique |
| 710 | 2 |aStatistique Canada. |
| 775 | 08|tMinutes |w(CaOODSP)9.840639 |
| 780 | 00|tConseil consultatif fédéral-provincial de la politique statistique |w(CaOODSP)9.840640 |
| 986 | |a10F0011 |